About antiquities : politics of archaeology in the Ottoman Empire /

محفوظ في:

المؤلف الرئيسي: Çelik, Zeynep (مؤلف)

التنسيق: كتاب

اللغة: English

منشور في: Austin : University of Texas Press, 2016, c2016.

الطبعة: First edition.

الموضوعات:

الوسوم: إضافة وسم

لا توجد وسوم, كن أول من يضع وسما على هذه التسجيلة!

رقم الطلب: AM79 .T8 C45 2016

LEADER 01124namaa2200265 4500
003 OSt
005 20250616125844.0
008 130303s2016 txuab b 001 0 eng d
020 |a 9781477310618 
040 |c ARCE Library 
043 |a a-tu--- 
050 4 |a AM79 .T8 C45 2016 
100 1 |a Çelik, Zeynep,  |e author 
245 1 0 |a About antiquities :  |b politics of archaeology in the Ottoman Empire /  |c Zeynep Çelik. 
250 |a First edition. 
264 1 |a Austin :  |b University of Texas Press,  |c 2016, c2016. 
300 |a x, 268 pages :  |b illustrations (some color), maps ;  |c 24 cm. 
504 |a Includes bibliographical references (pages 245-253) and index. 
505 0 |a Beginnings : the nineteenth-century museum -- Scholarship and the Imperial Museum -- The Imperial Museum and its visitors -- The Ottoman reading public and antiquities -- The landscape of labor -- Dual settlements -- Epilogue. enduring dilemmas. 
650 0 |a Archaeological museums and collections  |z Turkey  |x History. 
650 0 |a Museums  |z Turkey  |x History. 
651 0 |a Turkey  |x Antiquities. 
901 |a reviewed 
942 |c BK  |2 lcc 
999 |c 8948  |d 8948